[Event "Turnier 40 / 120"]
[Site "Wien"]
[Date "2023.??.??"]
[Round "47"]
[White "Tasc R40 V2.50 Phoenix"]
[Black "ChessGenius Exclusive 300 MHz"]
[Result "1-0"]
[WhiteElo "2401"]
[BlackElo "2405"]
[Annotator "Christian"]
[PlyCount "57"]
[EventDate "2023.??.??"]

{[%evp 0,22,25,33,75,54,87,78,78,78,74,69,51,58,58,51,64,72,67,36,27,-18,-9,-9,43]} 1. e4 d6 {Runde 47: Pirc Ufimzew / Eine der schlechtesten Partien des gesamten Wettkampfen von MCGE in der er sang und klanglos untergeht und im Mittelspiel völlig orientierungslos agiert. / Stand: 28,5 : 18,5 für MCGE 300 MHZ (60,64 %)} 2. d4 g6 3. Nc3 Nf6 4. Nf3 Bg7 5. h3 O-O 6. Be2 {Buchende} c5 7. dxc5 {Buchbewertung Tasc R40 V 2.5: +0,41} Qa5 {Buchende} 8. O-O dxc5 {Buchbewertung MCGE: +0,01 / lt. Komodo steht Weiss etwas besser mit ca. +0,60} 9. e5 Nfd7 10. Bf4 Nc6 11. Bb5 {besser ist Sd5, die Stellung ist im Lot} Ndb8 12. Qe2 Rd8 13. Rad1 Nd4 14. Nxd4 {besser ist De3} cxd4 15. Ne4 Nc6 16. c3 Qb6 17. Rfe1 Bxe5 $2 {ein grottenschlechter Zug, danach ist die Partie praktisch schon verloren, Komodo -1,30, nötig war Lf5 mit Ausgleich} ({GoldenEye Classic-avx2:} 17... Be6 18. Bxc6 bxc6 19. cxd4 Rxd4 20. Rxd4 Qxd4 21. Rd1 Qb6 22. a3 h6 23. b4 Qb5 24. Qe3 a5 25. Nc5 Bd5 26. e6 axb4 27. Rxd5 cxd5 28. exf7+ Kh7 29. Bxh6 Bxh6 30. Qxe7 Bf8 31. Qh4+ Kg7 32. Qd4+ Kh7 {[%eval 0,40]}) 18. Bxe5 Nxe5 19. cxd4 Rxd4 $2 {ein Verlustzug, danach ist die Partie bereits ganz klar verloren, Komodo -2,50, immer noch war Lf5 die klar bessere Wahl, das hätte den Schaden noch begrenzen können mit ca. -1,20 (der Textzug verdoppelt also den Nachteil von Schwarz !!)} ({GoldenEye Classic-avx2:} 19... Bf5 20. Ng5 h6 21. Qxe5 hxg5 22. Bc4 Rac8 23. b3 Re8 24. g4 Bd7 25. Qxg5 Qd6 26. Re5 Kg7 27. Qe3 a6 28. a4 e6 29. a5 Bc6 30. h4 Rh8 31. h5 Rcd8 32. d5 exd5 33. Qd4 dxc4 34. Rd5+ Qf6 35. Qxf6+ Kxf6 36. Rxd8 Rxd8 37. Rxd8 cxb3 {[%eval 124,31]}) 20. Rxd4 {Doch natürlich gilt wieder: Verloren aus Sicht der Top-Engine, Tasc R40 sieht sich nur mit +0,33 im Vorteil} Qxd4 {MCGE sieht sogar keinerlei Grund zur Sorge: +0,06 ?} 21. Rd1 Qb6 22. Nc3 Qc7 $2 {MCGE hat völlig die Orientierung verloren und stolpert nur noch durch diese Partie, der nächste Katastrophenzug, danach ist wahrlich Hopfen und Malz verloren, Komodo -3,50 !!, deutlich besser ist noch De6 mit ca. -2,50} 23. Nd5 $1 {na klar, Tasc R40 sieht auch schon den klaren Gewinn: +1,61} Qd6 24. f4 $1 Qc5+ {etwas besser ist noch Sc6, aber hier ist es schon egal, Komodo -4,00} 25. Kh2 Nc6 {hier ist sogar noch Sf3+ !! besser, Komodo -5,00} 26. Bxc6 bxc6 27. b4 Qxd5 28. Rxd5 cxd5 29. Qxe7 {Rest geschenkt / eine Katastrophenpartie von MCGE, will aber nicht die Leistung von Tasc R40 schmälern, der machte hier alles richtig !} 1-0

[Event "Turnier 40 / 120"]
[Site "Wien"]
[Date "2023.??.??"]
[Round "48"]
[White "ChessGenius Exclusive 300 MHz"]
[Black "Tasc R40 V2.50 Phoenix"]
[Result "1-0"]
[WhiteElo "2405"]
[BlackElo "2401"]
[Annotator "Christian"]
[PlyCount "135"]
[EventDate "2023.??.??"]

1. e4 e5 {Runde 48: Läuferspiel, Urusov Gambit / Eine Partie, die einen sprachlos macht, für diese Kategorie eine Schande für beide Geräte, nach einer indiskutablen Leistung kommt MCGE in eine absolute Verluststellung, die Komodo bereits mit -10,00 !!! bewertet, er leistet sich hier einen Katastrophenzug nach dem anderen, um nur einige zu nennen und das sind bei weitem nicht alle 10. De2 ??, 12. Lb3 ??, 17. Ta2 ??, 27. f3 ?? und 29. Df1 ?? ist einfach unfassbar schlecht und dann passiert noch das wirklich UNGLAUBLICHE, Tasc R40 V 2.5 lässt seinen Gegner damit tatsächlich davonkommen und schafft es sogar am Ende noch das zu verlieren, einfach UNFASSBAR !!! Für diese Kategorie der beiden Geräte mit Sicherheit eine der allerschlechtesten Partien der gesamten Schachcomputergeschichte, die man nur noch als absurd bezeichnen kann, wahrscheinlich eine der unnötigsten Niederlagen, die es jemals gegeben hat !! / Stand: 29,5 : 18,5 für MCGE 300 MHZ (61,46 %)} 2. d4 exd4 3. Bc4 Nf6 4. Nf3 Nxe4 5. Qxd4 Nf6 {Buchende} 6. Nc3 {Buchende} Nc6 {Buchbewertung Tasc R40 V2.5: -0,16 (trotz Mehrbauer, aber typisch Tasc R40, die Geringschätzung eines Bauern -:))} 7. Qe3+ $2 {Buchbewertung MCGE: -0,51 / gleich der 1. berechnete Zug ist ein klarer Fehlgriff und ganz schwach, danach hat Weiss gar nichts mehr für den geopferten Bauern, zum Ausgleich hingegen führen Dd3 oder Dh4. / Komodo -1,00} Be7 8. O-O d5 $2 {aber auch Tasc R40 V 2.5 macht gleich im Anschluss einen Fehlgriff, danach ist der gesamte Vorteil gleich wieder dahin, die Stellung ist im Lot, nötig war 0-0 mit klarem Vorteil} 9. Rd1 Be6 10. Qe2 $2 {ein grottenschlechter Zug, also diese ganz simple Kombination nicht zu sehen ist schon unterste Schublade muss man sagen, der Bauer d5 kann doch ganz einfach genommen werden, da er angehängt ist Lxd5, Lxd5, Sxd5, Sxd5, De4 ! und Weiss hat nach 3 Zügen den Zentrumsbauern retour, nach dem Textzug verschenkt Weiss diese Chance und Schwarz ist neuerlich klar im Vorteil, Komodo -1,00} (10. Bxd5 Bxd5 11. Nxd5 Nxd5 12. Qb3 Na5 13. Qxd5 Qxd5 14. Rxd5 $11) 10... O-O 11. Bg5 Re8 12. Bb3 $2 {ein Verlustzug, danach ist die Partie bereits klar verloren, Komodo -1,80 mit der Fortsetzung Sa5, nötig war Lxf6 mit ca. -1,00} Na5 $1 {richtig, und das war es} 13. Qd2 Nxb3 14. axb3 c5 15. Qf4 h6 16. Bxf6 Bxf6 17. Ra2 $2 {ohne Worte} g5 18. Qd2 g4 19. Ne1 Bg5 20. Qd3 d4 21. Ne2 Bd7 22. Ng3 Qb6 23. Rda1 a5 24. Qd1 f5 25. Nd3 f4 26. Nh5 Qc7 27. f3 $2 {noch ein Katastrophenzug, um ganze 2,5 Bauerneinheiten schlechter als Ta3, Komodo -5,00} b6 28. fxg4 Bc6 29. Qf1 $2 {der nächste Katastrophenzug, um ganze 5 Bauerneinheiten !! schlechter als Se1, Komodo -10,00} Rf8 $2 {ebenfalls ein Katastrophenzug, um ganze 6 Bauerneinheiten !!! schlechter als der sofortige Gewinnzug f3, aber sogar das kann sich Schwarz noch spielend leisten, Komodo +4,00} 30. Ne1 Rae8 31. Nf3 Qd7 32. h3 Bb5 33. Qb1 {ein unerträglicher Anblick wie hier alle weissen Schwerfiguren im Eck kauern und hier ein jämmerliches Dasein fristen und MCGE bewertet diese Katastrophe mit nur -0,90 ???, also das ist eigentlich unfassbar, Komodo -4,00} d3 $4 {Tasc R40 V 2.5: +2,58 !! ist hier bereits vom Sieg fest überzeugt, der Textzug ist aber leider ebenfalls ein Katastrophenzug, der den Vorteil von Schwarz mehr als halbiert, dennoch sollte auch das noch zum Sieg reichen, Komodo aber "nur" noch +1,80, sofort gewonnen hätte Le2} ({GoldenEye Classic-avx2:} 33... Be2 34. Ra3 Bxf3 35. gxf3 d3 36. b4 Qd4+ 37. Kh1 d2 38. Qf1 Qxb4 39. Rb3 Re1 40. Rxb4 Rxf1+ 41. Rxf1 cxb4 42. Rd1 Rd8 43. b3 b5 44. h4 Bxh4 45. Nxf4 Bf6 46. Nd3 Bc3 47. Nc5 Rd5 48. Ne4 a4 49. Kg2 a3 50. Kf2 a2 51. Ke2 Rd8 52. Ke3 a1=Q 53. Rxa1 Bxa1 54. Nxd2 Rc8 55. Ne4 Rxc2 56. f4 Bb2 57. g5 hxg5 58. Nxg5 Rc1 59. Ne4 Rc8 60. Kd3 Bc3 61. Kc2 Bg7+ 62. Kd3 {[%eval -492,34]}) 34. cxd3 Bxd3 $2 {besser ist Te3, Komodo +1,50} 35. Qd1 Re2 $2 {ist ja nicht zu fassen, nun hat er es tatsächlich geschafft, der Textzug verschenkt den gesamten restlichen Vorteil, danach ist die Partie bereits Remis, Komodo 0,00 !!, nötig war immer noch Te3 mit klarem Vorteil} 36. b4 $1 {ausnahmsweise in dieser Partie ein richtiger Zug} cxb4 37. b3 $1 Re3 38. Rd2 {nicht optimal, besser ist Tc1, nach dem Textzug ist Schwarz wieder leicht im Vorteil, Komodo -0,70} Qd6 $2 {so aber nicht, das bringt keinerlei Vorteil für Schwarz, Komodo 0,00, deutlich besser ist Tc8} 39. Rc1 Rd8 40. Rc4 Qe7 41. Qa1 a4 $2 {also dieser Zug darf doch einfach nicht wahr sein, ein absoluter VERLUSTZUG, der jetzt sogar die Partie noch verliert, zuvor war Schwarz bereits mit +10,00 !!! im Vorteil, einfach UNFASSBAR, Komodo -3,20} 42. bxa4 Bh4 43. Rxf4 $2 {auch nicht gerade das Gelbe vom Ei, büsst eine ganze Bauerneinheit ein gegenüber Tc6, Komodo +2,00} Kh7 $2 {völlig orientierungslos, danach ist alles aus, Komodo -5,00 mit der Fortsetzung Td1, deutlich mehr Widerstand leistet Lg5 mit ca. -2,00} 44. Rd1 $1 Bg5 45. Rxb4 Rd6 46. Rb3 Qf7 47. Nxg5+ $2 {ein grottenschlechter Zug, der den Vorteil von Weiss fast halbiert, dennoch steht Weiss klar auf Gewinn, Komodo +4,00, deutlich stärker war der sofortige Gewinnzug Tc3, den Komodo bereits mit +7,00 bewertet} hxg5 48. Rb2 Qe7 49. Rf2 Ree6 50. Qb2 Bc4 51. Rc1 Rc6 52. Ng3 $2 {ein schlechter Zug, der den Vorteil von Weiss deutlich reduziert, Komodo +2,70, deutlich stärker ist Tfc2} Bd3 53. Rxc6 Rxc6 54. Kh2 Qg7 $2 {ein ganz schlechter Zug, der ganze 3 Bauerneinheiten einbüsst gegenüber Lg6, Komodo -6,00} 55. Qd2 $1 Bc2 56. Qd5 Rc5 57. Qe6 Re5 58. Qxb6 Bg6 59. Nf5 Qd7 60. Rd2 Qf7 61. Qd8 Bxf5 62. gxf5 Re7 63. Rd6 Qe8 64. Qb6 Qf8 65. f6 Rf7 66. Rd8 Rxf6 67. Qb1+ Kg7 68. Rxf8 {Rest geschenkt / eine Partie auf erschreckendem Niveau und mit Sicherheit die unnötigste Niederlage des gesamten Wettkampfes, wenn nicht sogar eine der unnötigsten überhaupt in der gesamten Schachcomputergeschichte, das noch zu verlieren ist einfach UNFASSBAR !} 1-0

[Event "Turnier 40 / 120"]
[Site "Wien"]
[Date "2023.??.??"]
[Round "49"]
[White "Tasc R40 V2.50 Phoenix"]
[Black "ChessGenius Exclusive 300 MHz"]
[Result "1-0"]
[WhiteElo "2401"]
[BlackElo "2405"]
[Annotator "Christian"]
[PlyCount "77"]
[EventDate "2023.??.??"]

{[%evp 0,45,27,-10,20,20,20,-22,-17,-23,-23,-30,-30,-24,-24,-24,-4,-12,41,35,19,23,19,-7,-7,-85,-101,-108,-79,-84,-56,-54,-55,-66,-76,-76,-78,-56,-94,-94,-10,-1,33,7,63,95,130,101]} 1. c4 c5 {Runde 49: Englisch Symmetrisch / In dieser Runde verdient sich MCGE mit einem völlig absurden Zug ganz klar die Niederlage in diesem Fall muss man sagen wird es Gott sei Dank bestraft, nicht wie in der vorigen Partie, diesmal kommt er nicht davon damit. Solche Züge gehören einfach bestraft, es geht um 19. Tf8 ???, wo er völlig unverständlich auf die Rochade verzichtet und den König einfach in der Brettmitte stehen lässt, obwohl ja der Turm auch nach der Rochade auf F8 gewesen wäre, das nur als makaberes Detail, ein unfassbar schlechter Zug !! Tasc R40 erspielt sich damit nochmals die Chance, die Staffel vielleicht noch auszugleichen. / Stand: 29,5 : 19,5 für MCGE 300 MHZ (60,20 %)} 2. Nf3 Nc6 3. d4 {Buchende} cxd4 {Buchende} 4. e3 $2 {Buchbewertung Tasc R40 V 2.5: +0,23 / gleich im 1. berechneten Zug wieder ein Bauernopfer, unnötig zu sagen dass natürlich Sxd4 besser ist, ob es ein beabsichtigtes Opfer ist sei dahingestellt, denn Tasc R40 rechnet NICHT damit, dass es angenommen wird.} dxe3 {Buchbewertung MCGE: +0,64, nimmt natürlich an, lt. Komodo steht Schwarz besser mit ca. +0,70} 5. Bxe3 Nf6 6. Nc3 e5 7. Qb3 Be7 8. Bd3 Ng4 9. Bd2 Bc5 10. O-O d6 11. Bg5 $2 {ein schwacher Zug, danach steht Schwarz klar besser, Komodo -1,20 mit der Fortsetzung f6, deutlich besser ist h3 mit nur ca. -0,40} f6 12. Bd2 f5 $1 13. Bg5 Qd7 {klar schwächer als Sf6, Komodo +1,00} 14. h3 Nxf2 {nicht optimal, klar vorzuziehen ist Sh6, Komodo +0,70} 15. Rxf2 Bxf2+ $2 {klar vorzuziehen ist h6, nach dem Textzug ist die Stellung im Lot} 16. Kxf2 h6 17. Be3 e4 $2 {ein schlechter Zug, danach hat Weiss die Chance in Vorteil zu kommen, Komodo -1,00 mit der Fortsetzung c5} 18. Nxe4 $2 {ein ganz schlechter Zug, der die Vorzeichen umkehrt, danach ist Schwarz mit +1,00 im Vorteil (büsst also 2 ganze Bauerneinheiten ein gegenüber c5 !)} ({GoldenEye Classic-avx2:} 18. c5 d5 19. Nxd5 Na5 20. Qb5 O-O 21. Qxa5 Qxd5 22. Bc2 f4 23. Bb3 fxe3+ 24. Kxe3 Qxb3+ 25. axb3 exf3 26. Rf1 b6 27. Qb5 Bb7 28. gxf3 Rf6 29. Kd2 Rd8+ 30. Kc1 a6 31. Qc4+ Bd5 32. Qc3 bxc5 33. Rd1 Rdd6 34. Qe5 Rfe6 35. Qg3 Rg6 36. Qh2 Rge6 37. h4 Kh8 38. Qf4 Kg8 39. Rd3 Re1+ 40. Kd2 Ree6 41. Kc3 Rd8 42. Qc7 {[%eval 98,33]}) 18... fxe4 19. Bxe4 Rf8 $2 {also das ist einfach nur absurd, den König hier in der Mitte stehen zu lassen, schon alleine dieser Zug verdient die Niederlage, ein Verlustzug, danach ist die Partie sofort verloren, Komodo -2,00 mit der Fortsetzung Te1 (büsst ganze 3 Bauerneinheiten !! ein gegenüber dem selbstverständlichen 0-0), ein unfassbar schlechter Zug, da muss man 3x hinschauen, um das zu glauben !!!} 20. Re1 $1 {na klar} Kd8 $2 {weit besser ist noch Tf7, nach dem Textzug ist bereits alles vorbei, Komodo -2,80 mit der Fortsetzung c5, aber natürlich gilt wieder das Gleiche wie immer, verloren aus Sicht der Top-Engine, Tasc R40 wird es erst gewinnen müssen} 21. c5 {Tasc R40 V 2.5 spielt den richtigen Zug, dennoch ist noch Vorsicht geboten, das ist noch nicht im Ziel, denn der Tasc sieht nur hauchdünnen Vorteil mit +0,16} d5 {besser ist noch De6, Komodo -3,30} 22. Bxd5 Qc7 23. Rd1 Ke8 24. Kf1 $2 {ein völlig unverständlicher Zug, warum bitte geht der König nicht aus dem Schlussfeld des Turmes ?, dieser völlig unsinnige Zug verspielt die Hälfte des Vorteiles, Komodo +1,50, nötig ist natürlich Kg1 !!} Ne7 $2 {der nächste Verlustzug, danach ist die Partie wieder ganz klar verloren, Komodo -3,00 mit der Fortsetzung Te1, nötig war Tf5 mit ca. -1,50} 25. Re1 Kd8 26. Be4 Bd7 {besser ist noch Lf5, Komodo -3,50} 27. Bf2 Nc6 28. Qc3 $2 {ein schwacher Zug, der eine ganze Bauerneinheit einbüsst gegenüber Td1, Komodo +2,50} Be8 $2 {ein Horrorzug !!!, danach ist alles sofort vorbei, Komodo -5,00} 29. g4 Qf4 30. Qxg7 Rf7 31. Qc3 {Komodo +7,00} h5 32. Bh4+ Kc7 33. Kg2 Qh6 34. Nd4 Nxd4 35. Qa5+ b6 36. cxb6+ Qxb6 37. Bg3+ Kc8 38. Qxb6 axb6 39. Bxa8 {Rest geschenkt / eine völlig verdiente Niederlage für MCGE nach dem völlig absurden Zug 19. Tf8, wo er auf die Rochade verzichtet und den König in der Mitte stehen lässt, makaberes Detail am Rande: auch nach 0-0 wäre der Turm ja auf F8 gestanden, einfach nur hirnrissig !!!} 1-0

[Event "Turnier 40 / 120"]
[Site "Wien"]
[Date "2023.??.??"]
[Round "50"]
[White "ChessGenius Exclusive 300 MHz"]
[Black "Tasc R40 V2.50 Phoenix"]
[Result "1/2-1/2"]
[WhiteElo "2405"]
[BlackElo "2401"]
[Annotator "30 - 20 for MCGE"]
[PlyCount "91"]
[EventDate "2023.??.??"]

{[%evp 0,40,19,38,75,73,85,92,86,75,71,69,80,50,72,72,88,73,110,70,66,56,39,21,52,75,110,106,118,107,152,87,87,74,74,67,94,25,0,0,0,37,65]} 1. e4 d6 {Runde 50: Pirc Ufimzew / In der letzten Runde gibt es nochmals eine Partie, die beide Geräte überfordert mit wechselseitigen Vor- und Nachteilen und Gewinnchancen für beide Geräte, die letztlich allesamt verpasst werden, am Ende ein gerechtes Remis. Endstand Wettkampf: 30,0 : 20,0 für MCGE 300 MHZ (60,00 %)  Performance: MCGE 300 MHZ 2473 / Tasc R40 V 2.5 2333 (entspricht exakt dem Rating von Tasc R30 V 2.5)  Statistiken: Durchschnittliche Züge / Partie: 53 Buchzüge MCGE 300 MHZ: 296 (5,92 / Partie) Buchzüge Tasc R40 V 2.5: 219 (4,38 / Partie)  Ergebnisse aus Sicht MCGE 300 MHZ: +21 =18 -11  In meiner internen Turnierliste hält MCGE nun bei 493 Partien mit einem Durchschnittsgegner von 2369 und einer Erfolgsquote von 56,09 %, was einem Rating von 2412 entspricht (er gewinnt 7 Punkte).  In meiner internen Turnierliste hält Tasc R40 V 2.5 nun bei 98 Partien mit einem Durchschnittsgegner von 2359 und einer Erfolgsquote von 51,02 %, was einem Rating von 2366 entspricht (er verliert 35 Punkte).  Staffelüberblick aus Sicht MCGE 300 MHZ:  Staffel 1: 6,5 : 3,5 Staffel 2: 5,5 : 4,5 Staffel 3: 5,5 : 4,5 Staffel 4: 7,0 : 3,0 Staffel 5: 5,5 : 4,5  Von den Tipps her geht Gold an Egbert mit 30,5 : 19,5 liegt er nur einen halben Punkt daneben ausgerechnet der Tipp, den ich als "gewagt" bezeichnet habe , Silber geht an Markus mit 29,0 : 21,0 liegt er nur einen Punkt daneben und Bronze geht an Karl der mit 32,0 : 18,0 zwei Punkte daneben lag.  Schlusswort: Letzlich ein deutlicher und auch hochverdienter Turniersieg für MCGE, der seinem Gegner speziell im Endspiel klar überlegen ist und hier wieder besonders im Turmendspiel, wie auch Tasc R30 V 2.5, verliert auch der R40 jedes einzelne Turmendspiel, eine echte Archillesferse !  Das Rating des Tasc R40 V 2.5 stand vor dem Turnier bei 2401, da war er noch enorme 68 Punkte vor seinem kleinen Bruder, dem Tasc R30 V 2,5, was bei einem Geschwindigkeitszuwachs von 25 % schon eher unwahrscheinlich wirkt, das hat sich eben hier bestätigt, nach dem Turnier büsst er mit 35 Punkten etwa die Hälfte dieses Vorsprunges ein und landet bei 2366, damit liegt er noch 33 Punkte vor seinem kleinen Bruder, was doch weit realistischer erscheint.  Tasc R30 V 2.5 schafft in einem 100-Runden Match 37 % gegen den MCGE, der grosse Bruder schafft mit 40 % knapp mehr mit 3 %.  Was man als besonders schlecht werten muss ist die Buchleistung angesichts der grossen Bibiotheken beider Geräte fragt man sich da schon manchmal, wo die die ganzen Züge gespeichert haben, die beiden Bibiotheken ergänzen sich jedenfalls ganz schlecht.} 2. d4 Nf6 3. Nc3 g6 4. Nf3 Bg7 5. Be2 O-O 6. h3 c6 7. O-O Qc7 8. Bf4 Nh5 {Buchende} 9. Bh2 {Buchende} Bh6 {Buchbewertung Tasc R40 V 2.5: -1,04} 10. Bc4 {Buchbewertung MCGE: +0,12 / die Wahrheit liegt etwa in der Mitte der Bewertungen beider Geräte, Komodo +0,70 für Weiss} b5 11. Bb3 Nd7 {ein schwacher Zug, deutlich besser ist a5, Komodo -1,00} 12. e5 $1 {richtig} Nb6 13. exd6 exd6 14. d5 Bf4 $2 {ein schwacher Zug, deutlich vorzuziehen ist b4, Komodo -1,30} 15. dxc6 Qxc6 16. Nd4 Qc5 17. Ndxb5 Bb7 $2 {deutlich besser ist noch Lxh2+, nach dem Textzug ist die Partie bereits klar verloren, Komodo -2,20 mit der Fortsetzung Sxd6, gewinnt schon einen 2. Bauern} ({GoldenEye Classic-avx2:} 17... Bxh2+ 18. Kxh2 Rd8 19. Qd2 a6 20. Nd4 d5 21. Rad1 Bb7 22. Qg5 Nc4 23. Bxc4 h6 24. Qh4 Qc7+ 25. Kg1 dxc4 26. Nf5 gxf5 27. Qxh5 Qc6 28. f3 Qb6+ 29. Kh2 Qc7+ 30. f4 Qc6 31. Rf2 Rxd1 32. Nxd1 Qb6 33. Re2 Qg6 34. Qxg6+ fxg6 35. Rd2 Be4 36. Ne3 c3 37. bxc3 a5 38. c4 a4 39. Rd6 {[%eval 128,31]}) 18. Qd4 $2 {ein Katastrophenzug, der auf einen Schlag den gesamten Vorteil verschenkt, danach ist die Partie bereits Remis mit der Fortsetzung Dg5, Komodo 0,00 !!, schon erstaunlich dass MCGE hier einfach auf den Bauern verzichtet, der ist doch mit einem Zug zu haben !! / völlig unverständlich !!} Qg5 $1 19. g4 Be5 {besser ist Lf3, das hätte bereits das Remis gesichert, aber auch nach dem Textzug ist Weiss nur knapp im Vorteil mit ca. +0,30} 20. Qe3 $2 {so aber nicht, nötig war Lxe5, Komodo 0,00} Nf4 21. Rfd1 $2 {diese höchst komplizierte Stellung überfordert MCGE bei weitem, ein Verlustzug !!!, danach verwandelt sich eine eben noch klar gewonnene Stellung in eine klare Verluststellung, nach dem Textzug ist die Partie bereits klar verloren, Komodo -1,80 mit der Fortsetzung Tae8, nötig war Tae1 mit Ausgleich} Rae8 $1 22. Bxf4 $2 {ein grottenschlechter Zug, danach ist bereits alles vorbei, Komodo -3,60, deutlich mehr Widerstand leistet noch Td3 mit ca. -1,80} Bxf4 23. Qd4 h5 $2 {ein schlechter Zug, der in etwa 1,2 Bauerneinheiten einbüsst, dennoch steht Schwarz klar auf Gewinn, Komodo +2,40} 24. Nxd6 hxg4 25. Bxf7+ Kh7 $4 {ein ganz schwacher Zug, der den Vorteil von Schwarz halbiert, Komodo +1,20, sofort gewonnen hätte Txf7 mit ca. +2,40} 26. Nce4 Bxe4 27. Nxe4 Rxe4 28. Qxe4 gxh3+ $4 {ein ganz schlechter Zug, der den Gewinn in weite Ferne rückt, danach ist Schwarz nur noch knapp im Vorteil mit ca. +0,60, nötig war Txf7 mit ca. +1,40 und klarem Vorteil} 29. Kh1 Rxf7 30. Rd3 h2 31. Re1 Kg8 $2 {das bringt gar nichts, danach ist praktisch der gesamte Vorteil dahin, Komodo 0,00, leichten Vorteil versprach noch Dg4 mit ca. +0,70} 32. Qe8+ Kg7 33. Rh3 Qd5+ 34. Re4 Kf6 35. Rd3 Qg5 36. Re1 Qf5 37. Re4 Kg5 38. Qd8+ Qf6 39. Rxf4 Qxd8 40. Rxf7 Qc8 41. Kxh2 Qxc2 42. Rg3+ Kh6 43. Rh3+ Kg5 44. Rg3+ Kh6 45. Rh3+ Kg5 46. Rg3+ {Stellungswiederholung} 1/2-1/2